Planificación integral del turismo : (Record no. 20786)

000 -CABECERA
fixed length control field 00829nam a22002297a 4500
003 - IDENTIFICADOR DEL NÚMERO DE CONTROL
control field AR-CdUCM
008 - DATOS DE LONGITUD FIJA--INFORMACIÓN GENERAL
fixed length control field 190605b ||||| |||| 00| 0 spa d
040 ## - FUENTE DE LA CATALOGACIÓN
Agencia/entidad que catalogó originalmente la obra MUNICIPALIDAD PROVINCIAL DEL CUSCO
Entidad que transcribió la catalogación BIBLIOTECA MUNICIPAL DEL CUSCO
082 ## - NÚMERO DE LA CLASIFICACIÓN DECIMAL DEWEY
No. de Clasificación 373.199 /
Notacion interna M81
100 ## - ENTRADA PRINCIPAL--NOMBRE DE PERSONA
Nombre Personal Molina E, Sergio
245 ## - MENCIÓN DE TÍTULO
Título Planificación integral del turismo :
Resto del título Un enfoque para Latinoamérica /
260 ## - PUBLICACIÓN, DISTRIBUCIÓN, ETC.
Lugar de publicación, distribución, etc. México :
Nombre de la editorial, distribuidor, etc. Trillas,
Fecha de publicación, distribución, etc. 1991.
300 ## - DESCRIPCIÓN FÍSICA
Nº de Páginas Extensión 104 páginas ;
Dimensiones 31 cm.
440 ## - MENCIÓN DE SERIE/PUNTO DE ACCESO ADICIONAL--TÍTULO
Título Trillas turismo
9 (RLIN) 16322
505 ## - NOTA DE CONTENIDO CON FORMATO
Nota de contenido formateada Contenido : Evolución económica y social de Latinoamérica -- Papel del turismo en el proceso evolutivo de Latinoamérica...
650 ## - PUNTO DE ACCESO ADICIONAL DE MATERIA--TÉRMINO DE MATERIA
Descriptor Turismo
9 (RLIN) 4560
650 ## - PUNTO DE ACCESO ADICIONAL DE MATERIA--TÉRMINO DE MATERIA
Descriptor Planificación
9 (RLIN) 6254
650 ## - PUNTO DE ACCESO ADICIONAL DE MATERIA--TÉRMINO DE MATERIA
Descriptor Estrategia
9 (RLIN) 22888
700 ## - PUNTO DE ACCESO ADICIONAL--NOMBRE DE PERSONA
Nombre Personal Rodríguez A, Sergio
9 (RLIN) 28812
942 ## - ELEMENTOS DE PUNTO DE ACCESO ADICIONAL (KOHA)
Fuente de clasificación
Tipo de item Libros-BMC
945 ## - PROCESAMIENTO DE INFORMACIÓN LOCAL (OCLC)
Catalogador rcc

No items available.

Powered by Koha